Причины брака крупнотоннажных заготовок на Юргинском машиностроительном заводе; Инновационные технологии и экономика в машиностроении

Manylion Llyfryddiaeth
Parent link:Инновационные технологии и экономика в машиностроении.— 2007.— С. 232-233
Prif Awdur: Валуев Д. В. Денис Викторович
Awduron Eraill: Данилов В. И. Владимир Иванович, Апасов А. М. Александр Михайлович
Iaith:Rwseg
Cyhoeddwyd: 2007
Pynciau:
Fformat: Pennod Llyfr
KOHA link:https://koha.lib.tpu.ru/cgi-bin/koha/opac-detail.pl?biblionumber=135376

MARC

LEADER 00000naa2a2200000 4500
001 135376
005 20231220120611.0
035 |a (RuTPU)RU\TPU\book\146721 
090 |a 135376 
100 |a 20080410d2007 k y0rusy50 ca 
101 0 |a rus 
102 |a RU 
200 1 |a Причины брака крупнотоннажных заготовок на Юргинском машиностроительном заводе  |f Д. В. Валуев, В. И. Данилов, А. М. Апасов 
463 0 |0 (RuTPU)RU\TPU\book\136479  |t Инновационные технологии и экономика в машиностроении  |o V Всероссийская научно-практическая конференция с международным участием, г. Юрга 14-15 сентября 2007 г.  |o труды  |f Томский политехнический университет (ТПУ) ; Юргинский технологический институт (филиал) ; под ред. Д. А. Чинахова  |v С. 232-233  |d 2007  |p 558 с. 
601 0 0 |a Юргинский машиностроительный завод 
610 1 |a кованые заготовки 
610 1 |a крупнотоннажные заготовки 
610 1 |a металлургическое производство 
610 1 |a крупнотоннажные поковки 
610 1 |a дефекты 
610 1 |a темплеты 
610 1 |a труды учёных ТПУ 
700 1 |a Валуев  |b Д. В.  |c специалист в области металлообработки  |c доцент Юргинского технологического института (филиала) Томского политехнического университета, кандидат технических наук  |f 1980-  |g Денис Викторович  |3 (RuTPU)RU\TPU\pers\27414  |9 12734 
701 1 |a Данилов  |b В. И.  |c физик  |c профессор Юргинского технологического института (филиала) Томского политехнического университета, доктор физико-математических наук  |f 1947-  |g Владимир Иванович  |3 (RuTPU)RU\TPU\pers\24230  |9 10717 
701 1 |a Апасов  |b А. М.  |c специалист в области материаловедения  |c доцент Юргинского технологического института Томского политехнического университета, кандидат технических наук  |f 1950-  |g Александр Михайлович  |3 (RuTPU)RU\TPU\pers\22905  |9 9845 
801 1 |a RU  |b 63413507  |c 20080410  |g PSBO 
801 2 |a RU  |b 63413507  |c 20160726  |g RCR 
942 |c BK